[Event "Maria Teresa Mora Memorial op"]
[Site "Havana"]
[Date "2018.??.??"]
[Round "3"]
[White "Morales Garcia, Alexei"]
[Black "Menendez Mallet, Jhon Maykol"]
[Result "1-0"]
[WhiteElo "2113"]
[BlackElo "1838"]
[PlyCount "69"]
[EventDate "2018.03.08"]
[EventType "swiss"]
[EventRounds "9"]
[EventCountry "CUB"]
[SourceTitle "EXT 2021"]
[Source "ChessBase"]
[SourceDate "2020.10.23"]
[SourceVersion "1"]
[SourceVersionDate "2020.10.23"]
[SourceQuality "1"]

1. d4 Nf6 2. Nf3 g6 3. g3 Bg7 4. Bg2 0-0 5. 0-0 d6 6. c4 c5 7. Nc3 Nbd7 8. d5 Nb6 9. Nd2 Re8 10. h3 a6 11. a4 Nbd7 12. e4 Nh5 13. Ne2 Rb8 14. f4 b5 15. a5 e6 16. g4 Nhf6 17. Ng3 exd5 18. cxd5 Kh8 19. g5 Ng8 20. Nf3 f6 21. h4 fxg5 22. Nxg5 Nh6 23. Nf3 Bb7 24. h5 Nf6 25. Ng5 Nfg4 26. Qf3 Bd4+ 27. Kh1 Qf6 28. hxg6 hxg6 29. Ne2 Bxb2 30. e5 Qf5 31. Bxb2 Qc2 32. Rab1 Kg8 33. e6 Bxd5 34. Qxd5 Ne3 35. e7+ 1-0